The nature of tsunamis : their generation and dispersion in water of finite depth /

Bibliographic Details
Main Author: Wilson, Basil W.
Corporate Authors: U.S. Coast and Geodetic Survey, National Engineering Science Company
Other Authors: Webb, Lois M., Hendrickson, James A.
Format: Book
Language:English
Published: Pasadena : National Engineering Science Co., 1962.
Series:NESCO technical report ; no. SN 57-2.
Subjects:

MARC

Tag First Indicator Second Indicator Subfields
LEADER 00000cam a2200000 4500
001 in00000785321
005 20151017054806.0
008 870202s1962 caua t 00010 eng d
035 |a (OCoLC)15139282 
035 |9 ADL9536AM 
040 |a CLU  |c CLU  |d m/c  |d TXA  |d UtOrBLW 
049 1 |a TXA2 
090 |a QE534  |b .W61 1962 
100 1 |a Wilson, Basil W. 
245 1 4 |a The nature of tsunamis :  |b their generation and dispersion in water of finite depth /  |c by Basil W. Wilson, Lois M. Webb, and James A. Hendrickson. 
264 1 |a Pasadena :  |b National Engineering Science Co.,  |c 1962. 
300 |a 245 unnumbered leaves :  |b illustrations, diagrams ;  |c 28 cm. 
336 |a text  |b txt  |2 rdacontent 
337 |a unmediated  |b n  |2 rdamedia 
338 |a volume  |b nc  |2 rdacarrier 
490 1 |a NESCO technical report ;  |v no. SN 57-2 
500 |a Research conducted for U.S. Coast and Geodetic Survey, Dept. of Commerce as a contribution to its Research and Development Program. 
650 0 |a Seismology. 
650 0 |a Waves. 
650 0 |a Tsunamis. 
650 0 |a Earthquakes. 
740 0 |a Tsunamis. 
700 1 |a Webb, Lois M. 
700 1 |a Hendrickson, James A. 
710 2 |a U.S. Coast and Geodetic Survey. 
710 2 |a National Engineering Science Company. 
830 0 |a NESCO technical report ;  |v no. SN 57-2. 
999 |a MARS 
999 f f |s c9c754bd-227f-305a-bce5-68b7365779f9  |i e8d40150-0494-36ca-b042-fc156b1ad356  |t 0 
952 f f |p normal  |a Texas A&M University  |b College Station  |c Sterling C. Evans Library  |d Evans: Library Stacks  |t 0  |e QE534 .W61 1962  |h Library of Congress classification  |i unmediated -- volume  |m A14811460422 
998 f f |a QE534 .W61 1962  |t 0  |l Evans: Library Stacks